Passatempos de ciências físico-químicas (Registo nº 989)
[ vista simples ]
| 000 -Etiqueta do registo | |
|---|---|
| Cabeçalho | 00805nam a2200313 i 4500 |
| 005 - Identificador da versão | |
| Campo de controlo | 20240813121821.0 |
| 010 ## - Número internacional normalizado dos livros (ISBN) | |
| Número (ISBN) | 9720315830 |
| 021 ## - Número do Depósito Legal | |
| Código do país | PT |
| Número | 205059/04 |
| 035 ## - Other System Control Numbers | |
| System Control Number | 0001054 |
| System Control Number | 0001037 |
| 100 ## - Dados gerais de processamento | |
| Dados gerais de processamento | 20050520d2004 e y0pory5003 ba |
| 102 ## - Pais de publicação ou produção | |
| País de publicação | Portugal |
| 101 0# - Língua de publicação | |
| Língua do texto, banda sonora, etc. | Português |
| 106 ## - Campo de dados codificados: material textual | |
| Dados codificados do material textual | r |
| 105 ## - Campo de dados codificados: livros | |
| Dados codificados dos livros | a j 001yy |
| 215 ## - Descrição física | |
| Indicação específica da natureza do documento e extensão da espécie | 61 p. |
| Outras indicações físicas | il. |
| Dimensões | 20 cm |
| 200 1# - Titulo e menção de responsabilidade | |
| Título próprio | Passatempos de ciências físico-químicas |
| Informação de outro título | 9º ano |
| Primeira menção de responsabilidade | António M. A. Morais |
| 225 2# - Colecção | |
| Título próprio da colecção | Passatempos |
| 205 ## - Menção da edição | |
| Menção da edição | 1ª ed |
| 210 ## - Publicação, Distribuição, etc. | |
| Lugar da edição, distribuição, etc. | Porto |
| Nome do editor, distribuidor, etc. | Porto Editora |
| Data da publicação, distribuição, etc. | 2004 |
| 675 ## - Classificação Decimal Universal (CDU) | |
| Notação | 53(075.2) |
| Edição | BN |
| Língua da edição | por |
| Notação | 54(075.2) |
| Edição | BN |
| Língua da edição | por |
| Notação | 373.34(469) |
| Edição | BN |
| Língua da edição | por |
| 700 #1 - Nome de autor-pessoa física (responsabilidade principal) | |
| Número de registo de entrada de autoridade | 0001334 |
| Palavra de ordem | Morais |
| Outra parte do nome não tomada para palavra de ordem | António M. A. |
| 942 ## - Elementos de entrada adicionados (Koha) | |
| Tipo de item no Koha | Livro |
| Situação do levantamento | Origin of item (home branch) (coded) | Biblioteca de empréstimo | Código de barras | Cota | Circulation type (not for loan) | Tipo de documento | Nota do exemplar | Damaged status |
|---|---|---|---|---|---|---|---|---|
| Biblioteca Escolar Eng. Nuno Mergulhão | Biblioteca Escolar Eng. Nuno Mergulhão | BENM1740 | 53 | Livro | Sem mensagem | |||
| Biblioteca Escolar Eng. Nuno Mergulhão | Biblioteca Escolar Eng. Nuno Mergulhão | BENM1741 | 53 | Livro | Sem mensagem |
